Normal view
MARC view
Entry Personal Name
001 - CONTROL NUMBER
- control field: 8824
003 - CONTROL NUMBER IDENTIFIER
- control field: OSt
005 - DATE AND TIME OF LATEST TRANSACTION
- control field: 20160516180709.0
008 - FIXED-LENGTH DATA ELEMENTS
- fixed length control field: 160516|| aca||aabn | a|a d
040 ## - CATALOGING SOURCE
- Original cataloging agency: OSt
- Transcribing agency: OSt
100 ## - HEADING--PERSONAL NAME
- Personal name: Edited by Baldwin,I.T[et.....al]
670 ## - SOURCE DATA FOUND
- Source citation: Work cat.: (OSt): Edited by Baldwin,I.T[et.....al], Concerving Biodiversity in East African Forests., 2002.
